| 000 | 00467nam a2200181Ia 4500 | ||
|---|---|---|---|
| 003 | GCL | ||
| 008 | 140319s9999 xx 000 0 eng d | ||
| 040 |
_aGCL / _cGCL |
||
| 082 | 0 | 4 |
_a721.7 _bC T |
| 100 | 1 | _aCHAUVET, JEAN - YVES | |
| 245 | 1 | 0 |
_aLES TOITS DES PAYS DE FRANCE / _cCHAUVET, JEAN - YVES |
| 260 |
_a[S.N] : _bHOUSE BOOK ، _c1996 |
||
| 300 | _a143 P | ||
| 650 | 0 | 4 | _aCEILINGS |
| 650 | 0 | 4 | _aARCHITECTURE |
| 650 | 0 | 4 | _aCEILINGS - FRANCE |
| 942 |
_2ddc _cBK |
||
| 999 |
_c16407 _d16407 |
||